000 00337 a2200157 4500
001 62268
020 _a0194219305
040 _cAnchieta - Pituba
100 _aViney, Peter
240 1 0 _aThe locked room
_lIng
245 1 0 _aThe locked room
300 _a18
362 0 _a1996
650 4 _aLiteratura juvenil em inglês
942 _cBK
999 _c62268
_d62268